Sports Quiz

Random Sports or Football Quiz

Football Hall of Famers by Draft Year Quiz Stats

Quiz Updated Aug 6, 2017

Challenge
Share
Tweet
Embed
Score 0/35 Timer 10:00
0 Plays Today
Year Player(s) % Correct
1992None
100%
1999None
99.9%
1998Randy Moss
95%
2000Brian Urlacher
93.2%
1985Chris Doleman, Kevin Greene, Andre Reed, Jerry Rice, Bruce Smith
90.4%
1983Richard Dent, Eric Dickerson, John Elway, Darrell Green, Jim Kelly, Dan Marino, Bruce Matthews
90%
1989Troy Aikman, Barry Sanders, Deion Sanders, Derrick Thomas
86.6%
1990Cortez Kennedy, John Randle, Junior Seau, Shannon Sharpe, Emmitt Smith
85.8%
1979Dan Hampton, Joe Montana, Kellen Winslow
82.3%
1988Tim Brown, Dermontti Dawson, Michael Irvin, Randall McDaniel, Thurman Thomas
81.2%
1984Reggie White, Steve Young, Gary Zimmerman
78.9%
1981Kenny Easley, Russ Grimm, Rickey Jackson, Howie Long, Ronnie Lott, Mike Singletary, Lawrence Taylor
78.6%
1968Elvin Bethea, Larry Csonka, Curley Culp, Claude Humphrey, Charlie Sanders, Art Shell, Ken Stabler, Ron Yary
76.5%
1975Robert Brazile, Fred Dean, Walter Payton, Randy White
74.4%
1997Walter Jones, Orlando Pace, Jason Taylor
74%
1991Brett Favre, Aeneas Williams
72.5%
1970Mel Blount, Terry Bradshaw, Jim Langer
71.1%
1994Larry Allen, Marshall Faulk, Kurt Warner
69.2%
Year Player(s) % Correct
1969Joe Greene, Ted Hendricks, Charlie Joiner, O.J. Simpson, Roger Wehrli
66.7%
1995Derrick Brooks, Terrell Davis, Curtis Martin, Warren Sapp
59.2%
2001LaDainian Tomlinson
58.3%
1974Dave Casper, Jack Lambert, John Stallworth, Lynn Swann, Mike Webster
56%
1978Earl Campbell, James Lofton, Warren Moon, Ozzie Newsome
55.9%
1982Marcus Allen, Morten Andersen, Mike Munchak, Andre Tippett
54.4%
1972Franco Harris
50.4%
1973Joe DeLamielleure, Dan Fouts, Ray Guy, John Hannah
48.3%
1971Dan Dierdorf, Jack Ham, John Riggins, Jack Youngblood
47.8%
1967Lem Barney, Bob Griese, Ken Houston, Willie Lanier, Floyd Little, Alan Page, Gene Upshaw, Rayfield Wright
47.1%
1987Cris Carter, Rod Woodson
46.1%
1993Jerome Bettis, Willie Roaf, Will Shields, Michael Strahan
45.9%
1996Brian Dawkins, Marvin Harrison, Ray Lewis, Jonathan Ogden, Terrell Owens
39.6%
1976Harry Carson, Mike Haynes, Steve Largent, Lee Roy Selmon, Jackie Slater
39.2%
1980Art Monk, Anthony Muñoz, Dwight Stephenson
37%
1977Tony Dorsett
35.4%
1986Charles Haley
12.8%

You're not logged in!

Compare scores with friends on all Sporcle quizzes.
Join for Free
OR
Log In

You Might Also Like...

Show Comments

Extras

Top Quizzes Today


Score Distribution

Your Account Isn't Verified!

In order to create a playlist on Sporcle, you need to verify the email address you used during registration. Go to your Sporcle Settings to finish the process.

Report this User

Report this user for behavior that violates our Community Guidelines.

Details: